[Event "Titled Tuesday intern op 13th Feb Late"]
[Site "Chess.com INT"]
[Date "2024.02.13"]
[Round "10"]
[White "Durarbayli, Vasif"]
[Black "Sowinski, Pawel"]
[Result "1-0"]
[WhiteElo "2627"]
[BlackElo "2377"]
[PlyCount "87"]
[EventDate "2024.02.13"]
[EventType "swiss (blitz)"]
[EventRounds "11"]
[EventCountry "USA"]
[SourceTitle "CB08_2024"]
[SourceDate "2024.02.21"]
[SourceVersion "1"]
[SourceVersionDate "2024.02.21"]
[SourceQuality "1"]

1. e4 c6 2. d4 d5 3. exd5 cxd5 4. c4 Nf6 5. Nc3 g6 6. Qb3 Bg7 7. cxd5 0-0 8. Be2 Nbd7 9. Nh3 Nb6 10. Nf4 Bf5 11. 0-0 h6 12. Be3 g5 13. Nh5 Nxh5 14. Bxh5 Bd3 15. Rfe1 Bc4 16. Qb4 Bxd5 17. Nxd5 Nxd5 18. Qxb7 Rb8 19. Qxa7 Rxb2 20. a4 Qd6 21. a5 Rc8 22. Bf3 Nxe3 23. fxe3 Rcc2 24. Qa8+ Bf8 25. a6 g4 26. Bxg4 Qg6 27. Bf3 Qf6 28. a7 Qh4 29. Qxf8+ Kxf8 30. a8Q+ Kg7 31. Rf1 f5 32. Qd5 Qg5 33. Qe5+ Kh7 34. Qg3 Qxe3+ 35. Kh1 Rf2 36. Rxf2 Rxf2 37. Qe5 Rxf3 38. gxf3 Qxf3+ 39. Kg1 Qg4+ 40. Kf2 Qg5 41. Rg1 Qd2+ 42. Kf1 Qd1+ 43. Kg2 Qd2+ 44. Kh1 1-0

[Event "Prague op 22nd"]
[Site "Prague"]
[Date "2024.01.05"]
[Round "1"]
[White "Gabadadze, Gabriel"]
[Black "Sowinski, Pawel"]
[Result "0-1"]
[WhiteElo "1865"]
[BlackElo "2357"]
[PlyCount "118"]
[EventDate "2024.01.05"]
[EventType "swiss"]
[EventRounds "9"]
[EventCountry "CZE"]
[SourceTitle "CB03_2024"]
[SourceDate "2024.01.17"]
[SourceVersion "1"]
[SourceVersionDate "2024.01.17"]
[SourceQuality "1"]

1. e4 c6 2. d4 d5 3. exd5 cxd5 4. Bd3 Nc6 5. c3 g6 6. Nf3 Nf6 7. h3 Bf5 8. Ne5 Bg7 9. 0-0 0-0 10. Bxf5 gxf5 11. Bf4 e6 12. Nd2 Qe7 13. Ndf3 Ne4 14. Nd3 f6 15. Re1 Kh8 16. Nh4 Qf7 17. Qf3 Rg8 18. Kh1 e5 19. Bh2 f4 20. Rad1 Rae8 21. dxe5 fxe5 22. Rxe4 dxe4 23. Qxe4 Bf6 24. Nf3 Qg6 25. Nd2 Rd8 26. Qxg6 hxg6 27. Ne4 Be7 28. Kg1 Rd5 29. Kf1 b5 30. Ke2 b4 31. f3 bxc3 32. bxc3 Rgd8 33. Rd2 Na5 34. Nb2 Ba3 35. Rxd5 Rxd5 36. Nd3 Nc4 37. Bg1 Ra5 38. Kd1 Be7 39. Nc1 Bd8 40. Kc2 Bb6 41. Bxb6 axb6 42. Kd3 Ne3 43. g4 Kg7 44. Ke2 Kf7 45. Kd3 Ra8 46. Ke2 Ke6 47. Kd3 Kd5 48. Ng5 Nc4 49. Ne4 Nd6 50. Ng5 Ra4 51. Ne2 b5 52. h4 Rxa2 53. h5 gxh5 54. gxh5 Nc4 55. Ne4 Ra1 56. h6 Rf1 57. Nf6+ Ke6 58. h7 Rxf3+ 59. Kc2 Rh3 0-1

[Event "POL-ch sf"]
[Site "Karpacz"]
[Date "2023.12.05"]
[Round "2"]
[White "Kazmierowski, Tymon"]
[Black "Sowinski, Pawel"]
[Result "1/2-1/2"]
[WhiteElo "2094"]
[BlackElo "2361"]
[PlyCount "171"]
[EventDate "2023.12.04"]
[EventType "swiss"]
[EventRounds "9"]
[EventCountry "POL"]
[SourceTitle "CB50_2023"]
[SourceDate "2023.12.13"]
[SourceVersion "1"]
[SourceVersionDate "2023.12.13"]
[SourceQuality "1"]

1. e4 e5 2. Nf3 Nc6 3. Bb5 a6 4. Ba4 Nf6 5. 0-0 d6 6. Re1 Bd7 7. c3 g6 8. d4 b5 9. Bc2 Bg7 10. h3 0-0 11. Nbd2 Re8 12. Nf1 Na5 13. Ng3 c5 14. dxc5 dxc5 15. b3 Qc7 16. Qe2 Nb7 17. Be3 c4 18. b4 a5 19. a3 Bc6 20. Red1 Ra6 21. Nh2 Rea8 22. Qe1 Qc8 23. f3 Nd8 24. bxa5 Ne6 25. a4 bxa4 26. Bxa4 Rxa5 27. Bxc6 Qxc6 28. Rxa5 Rxa5 29. Ng4 Nxg4 30. hxg4 Ra2 31. Ra1 Rb2 32. Rb1 Rb3 33. Rc1 Bf8 34. Qd2 Bc5 35. Bxc5 Qxc5+ 36. Kh1 Rb8 37. Nf1 Nf4 38. Ne3 Nd3 39. Ra1 h6 40. Nd5 Kg7 41. Qe3 Qd6 42. Qa7 Qd8 43. Qe7 Qxe7 44. Nxe7 Rb3 45. Nd5 Nf4 46. Nxf4 exf4 47. Rc1 Kf6 48. Rc2 Kg5 49. Kh2 h5 50. gxh5 Kxh5 51. Kh3 Kg5 52. Rc1 Ra3 53. g3 Ra2 54. Rb1 Rf2 55. Rb5+ f5 56. exf5 gxf5 57. Rc5 Rxf3 58. Rxc4 Rxg3+ 59. Kh2 Kg4 60. Rc8 Rd3 61. c4 Kf3 62. c5 Rc3 63. c6 Kf2 64. Ra8 Rxc6 65. Ra2+ Kf3 66. Ra3+ Kg4 67. Kg1 Rc2 68. Kf1 Rh2 69. Rb3 Rh3 70. Rb2 Rh1+ 71. Kg2 Ra1 72. Kf2 Ra3 73. Rc2 Rh3 74. Kf1 Rh1+ 75. Kg2 Rh4 76. Kf1 Rh3 77. Ra2 Rf3+ 78. Kg2 Re3 79. Kf2 Rb3 80. Rc2 Rb4 81. Rc3 Rb2+ 82. Kf1 Ra2 83. Rb3 Ra1+ 84. Kf2 f3 85. Rb4+ f4 86. Rxf4+ 1/2-1/2

[Event "Wch U14"]
[Site "Montesilvano"]
[Date "2023.11.23"]
[Round "10"]
[White "Sowinski, Pawel"]
[Black "Haug, Havard"]
[Result "1-0"]
[WhiteElo "2347"]
[BlackElo "2223"]
[PlyCount "95"]
[EventDate "2023.11.13"]
[EventType "swiss"]
[EventRounds "11"]
[EventCountry "ITA"]
[SourceTitle "CB48_2023"]
[SourceDate "2023.11.29"]
[SourceVersion "1"]
[SourceVersionDate "2023.11.29"]
[SourceQuality "1"]

1. e4 c6 2. Nc3 d5 3. Nf3 dxe4 4. Nxe4 Nf6 5. Qe2 Nxe4 6. Qxe4 Qd5 7. Qh4 Qe6+ 8. Be2 Qg4 9. Qg3 Qxg3 10. hxg3 g6 11. Ng5 h6 12. Bc4 e6 13. d4 Bg7 14. Ne4 Nd7 15. c3 h5 16. Bg5 0-0 17. 0-0-0 Nb6 18. Bb3 f6 19. Bd2 Rd8 20. Rhe1 Nd5 21. c4 Ne7 22. Bb4 Nf5 23. Bc3 Kf7 24. d5 cxd5 25. cxd5 e5 26. f4 Nd4 27. Bxd4 exd4 28. Rxd4 Bf5 29. d6+ Kf8 30. Nc3 Rac8 31. Re7 Rd7 32. Rxd7 Bxd7 33. Ba4 Bg4 34. Kd2 a6 35. Nd5 f5 36. Rd3 Bxb2 37. Nc7 Kf7 38. Bb3+ Kf6 39. d7 Rd8 40. Ne6 Ke7 41. Nxd8 Kxd8 42. Bf7 b5 43. Bxg6 b4 44. Rd5 Bc3+ 45. Kd3 Bd1 46. Bxf5 Ba4 47. Rc5 Ke7 48. Rc8 1-0

[Event "POL-ch U20"]
[Site "Chotowa"]
[Date "2023.10.31"]
[Round "9"]
[White "Sowinski, Pawel"]
[Black "Kacprzak, Karol1"]
[Result "1/2-1/2"]
[WhiteElo "2322"]
[BlackElo "2317"]
[PlyCount "83"]
[EventDate "2023.10.24"]
[EventType "swiss"]
[EventRounds "9"]
[EventCountry "POL"]
[SourceTitle "Mega2024 Update 01"]
[Source "Chessbase"]
[SourceDate "2023.11.12"]
[SourceVersion "1"]
[SourceVersionDate "2023.11.12"]
[SourceQuality "1"]
[WhiteTeam "Poland"]
[BlackTeam "Poland"]
[WhiteTeamCountry "POL"]
[BlackTeamCountry "POL"]

1. d4 Nf6 2. c4 e6 3. g3 d5 4. Nf3 Be7 5. Bg2 0-0 6. 0-0 c6 7. Qc2 b6 8. Rd1 Bb7 9. b3 Nbd7 10. Nc3 Ba6 11. Bb2 dxc4 12. bxc4 Bxc4 13. Nd2 Ba6 14. Bxc6 Rc8 15. Qa4 Nb8 16. Bf3 Qe8 17. Qxe8 Rfxe8 18. Rac1 Nc6 19. Nb3 Red8 20. e3 Kf8 21. a4 Bb7 22. Nb5 Rd7 23. Kg2 g5 24. h3 h5 25. Kh2 Nb4 26. Bxb7 Rxc1 27. Rxc1 Rxb7 28. Ba3 Nd3 29. Rc8+ Kg7 30. Bxe7 Rxe7 31. Kg2 g4 32. hxg4 Nxg4 33. d5 exd5 34. N3d4 Rd7 35. f3 Nxe3+ 36. Kh3 Nc4 37. Ra8 a5 38. Kh4 Nc5 39. Kxh5 Ne6 40. g4 Kf6 41. Nxe6 Kxe6 42. Re8+ 1/2-1/2

[Event "POL-ch U20"]
[Site "Chotowa"]
[Date "2023.10.24"]
[Round "1"]
[White "Stepinski, Piotr"]
[Black "Sowinski, Pawel"]
[Result "1/2-1/2"]
[WhiteElo "1991"]
[BlackElo "2322"]
[PlyCount "110"]
[EventDate "2023.10.24"]
[EventType "swiss"]
[EventRounds "9"]
[EventCountry "POL"]
[SourceTitle "Mega2024 Update 01"]
[Source "Chessbase"]
[SourceDate "2023.11.12"]
[SourceVersion "1"]
[SourceVersionDate "2023.11.12"]
[SourceQuality "1"]

1. e4 c6 2. Nf3 d5 3. d3 Bg4 4. h3 Bxf3 5. Qxf3 e6 6. g3 Nd7 7. Bg2 g6 8. Nd2 Bg7 9. Qe2 Ne7 10. h4 h5 11. 0-0 0-0 12. Nf3 e5 13. Bd2 a5 14. Bc3 Qc7 15. Rae1 Rae8 16. Bh3 d4 17. Bd2 Nc5 18. Ng5 Kh8 19. a3 f6 20. Nf3 b5 21. Kh1 Qb6 22. b4 axb4 23. axb4 Na4 24. Bd7 Rd8 25. Be6 c5 26. Bb3 Nc6 27. Ng1 Nc3 28. Bxc3 dxc3 29. bxc5 Qxc5 30. Qd1 Nd4 31. Ba2 Qa3 32. Bd5 Qa4 33. Ne2 Qxc2 34. Qxc2 Nxc2 35. Rc1 Nd4 36. Nxc3 b4 37. Na4 f5 38. Rb1 f4 39. Kg2 Rb8 40. Nc5 Rfc8 41. Rfc1 f3+ 42. Kh2 Rb5 43. Nb7 Rc3 44. Nd6 Bh6 45. Rxc3 bxc3 46. Nxb5 c2 47. Na3 cxb1Q 48. Nxb1 Kg7 49. Kg1 Kf6 50. Kf1 g5 51. hxg5+ Bxg5 52. Bc4 h4 53. gxh4 Bxh4 54. Nd2 Bg5 55. Nb3 Nxb3 1/2-1/2

[Event "POL-ch Rapid U18"]
[Site "Bydgoszcz"]
[Date "2023.08.30"]
[Round "7"]
[White "Sowinski, Pawel"]
[Black "Lecki, Leonard"]
[Result "1-0"]
[WhiteElo "2084"]
[BlackElo "1747"]
[PlyCount "39"]
[EventDate "2023.08.28"]
[EventType "swiss"]
[EventRounds "11"]
[EventCountry "POL"]
[SourceTitle "EXT 2024"]
[Source "ChessBase"]
[SourceDate "2023.10.10"]
[SourceVersion "1"]
[SourceVersionDate "2023.10.10"]
[SourceQuality "1"]

1. d4 Nf6 2. c4 e5 3. dxe5 Ng4 4. Bf4 Nc6 5. Nf3 Bb4+ 6. Nc3 Qe7 7. Qd5 Bxc3+ 8. bxc3 f6 9. exf6 Nxf6 10. Qd3 0-0 11. e3 d6 12. Be2 Bg4 13. 0-0 Rae8 14. Rae1 Ne4 15. Nd4 Nc5 16. Qb1 Bxe2 17. Nxe2 Qf7 18. Nd4 Qxc4 19. Rd1 Ne5 20. Bg3 1-0

[Event "Speed Chess Q1 Sw"]
[Site "Chess.com INT"]
[Date "2023.08.21"]
[Round "1"]
[White "Deuer, Marius"]
[Black "Sowinski, Pawel"]
[Result "1-0"]
[WhiteElo "2440"]
[BlackElo "2334"]
[PlyCount "79"]
[EventDate "2023.08.21"]
[EventType "k.o. (blitz)"]
[EventRounds "14"]
[EventCountry "USA"]
[SourceTitle "CBM 215 Extra"]
[Source "ChessBase"]
[SourceDate "2023.09.30"]
[SourceVersion "1"]
[SourceVersionDate "2023.09.30"]
[SourceQuality "1"]

1. b3 Nf6 2. Bb2 g6 3. e4 d6 4. Nf3 Bg7 5. d3 0-0 6. Nc3 c5 7. Be2 Nc6 8. 0-0 Bg4 9. h3 Bxf3 10. Bxf3 a6 11. g3 Rc8 12. Bg2 b5 13. Qd2 Nd4 14. f4 Nd7 15. Kh2 e6 16. a4 b4 17. Nd1 a5 18. Rb1 Qc7 19. Ne3 Nb6 20. Ba1 f5 21. Rbe1 Rce8 22. g4 e5 23. exf5 gxf5 24. gxf5 exf4 25. Nd5 Nxd5 26. Bxd5+ Kh8 27. Bxd4 Bxd4 28. Rxe8 Rxe8 29. Be6 Be3 30. Qe2 Qe7 31. Qg4 Qf6 32. Re1 Qe5 33. Kg2 Rf8 34. Kf3 Qb2 35. Re2 Qc1 36. Rg2 Qf1+ 37. Ke4 d5+ 38. Kxd5 Rd8+ 39. Kc4 Rd4+ 40. Kb5 1-0